| 000 | 00692nam a2200229 u 4500 | ||
|---|---|---|---|
| 005 | 20230316063557.0 | ||
| 008 | 090526s2007 es r 000 0 spa d | ||
| 020 | _a9788478888818 | ||
| 035 | _aUPN01000170682 | ||
| 049 | _aI | ||
| 050 | 4 |
_aPZ7 _bI2.5 2007 |
|
| 100 | 1 | _aIbbotson, Eva | |
| 245 | 1 | 1 |
_a¡Menuda bruja! / _cEva Ibbotson ; tr. Patricia Antón de Vez ; il. David Parkins. |
| 250 | _a2a ed. | ||
| 260 |
_aBarcelona, Esp. : _bSalamandra, _c2007. |
||
| 300 | _a185 p. | ||
| 534 |
_pTítulo original: _tNot just a witch |
||
| 650 | 4 |
_aBRUJAS - _vLITERATURA INFANTIL _94409 |
|
| 650 | 0 |
_aAmistad _vNovela _98175 |
|
| 650 | 4 |
_aCuentos infantiles ingleses _910002 |
|
| 905 | _aLibro | ||
| 999 |
_c142787 _d142787 |
||